Statistiques concernant À quel anime appartient ce personnage ?

Cliquez ici pour prendre le quiz!

Statistiques générales

  • Ce quiz a été pris 282 fois
  • Le résultat moyen est 7 sur 12

Statistiques - réponses

Réponse% Correct
L'attaque des titans
93%
My hero academia
85%
Hunter x Hunter
82%
Jujutsu Kaisen
76%
Tokyo Revengers
71%
Assassination Classroom
69%
Kuroko's basket
48%
Your name
38%
Tokyo Ghoul
36%
Fruits Basket
33%
Free!
32%
Kaichou wa Maid-sama!
7%

Distribution des résultats

Percentile par nombre de réponses

% des personnes avec chaque résultat

Votre développement - résultats

Vous n’avez pas pris ce quiz